00718nam a2200229 a 450000100060000000300080000600500170001400800410003103500190007204000270009104100080011808200220012610000200014824500980016825000120026626000470027830000350032550000430036065000350040370000180043870000320045672840BD-RjUL20211209082321.0170524s1949 miua 000 0 eng d a(BD-RjUL)73058 aDLCcDLCdBD-RjULbeng aeng00a540223bNEE 1949 aNeckers, J.W. 00aExperimental General Chemistry /c[by] J.W. Neckers ;T.W. Abbott ; Kenneth Anthony Van Lente a2nd ed. aNew York :bThomas Y. Crowell Co.,cc1949. aviii, 307 p. :bill. ;c28 cm. aLithoprinted on one side of leaf only. 0aChemistryvLaboratory manuals. a Abbott, T.W. aLente, Kenneth Anthony Van